| 000 | 00507 a2200193 4500 | ||
|---|---|---|---|
| 005 | 20260401114852.0 | ||
| 008 | 260325b |||||||| |||| 00| 0 eng d | ||
| 020 |
_a9788119680900 _cRs. 2995.00 |
||
| 040 | _aMAIN | ||
| 082 |
_a344.046 _bC457P |
||
| 100 | _aChoudhary, Anjeet Kumar | ||
| 245 | _aPrinciples of environmental law and policy | ||
| 260 |
_bAcademic Publication _c2025 _aDelhi |
||
| 300 | _a330 | ||
| 650 | _aLaw | ||
| 650 | _aJurisdictions | ||
| 650 | _aEnvironmental Law | ||
| 942 | _cBK | ||
| 999 |
_c396085 _d396085 |
||